| 000 | 01733cam a2200529Ia 4500 | ||
|---|---|---|---|
| 001 | 101961 | ||
| 005 | 20230404130035.0 | ||
| 008 | 100611s2010 sp a b 001 0bspa | ||
| 010 | _a 2010476303 | ||
| 035 | _a(OCoLC)ocn656869197 | ||
| 040 |
_aDLC _cDLC _dN15 _dYDXCP _dPIT _dSAP _dC3L _dPL# _dI5B _dTEF |
||
| 019 | _a639152502 | ||
| 020 | _a9788434469303 (pbk.) | ||
| 020 | _a8434469308 (pbk.) | ||
| 029 | 1 |
_aC3L _b60702650 |
|
| 029 | 1 |
_aNLGGC _b327675152 |
|
| 035 |
_a(OCoLC)656869197 _z(OCoLC)639152502 |
||
| 037 |
_bPuvill;168478 :06.22.2010 _cUSD35,00 |
||
| 043 | _anwcu--- | ||
| 045 | _ax4x- | ||
| 050 | 1 | 4 |
_a107 F 1788.22 _bC355B 2010 |
| 082 | 0 | 0 | _a972.9106/4 |
| 100 | 1 | _aBotín, Vicente. | |
| 245 | 1 | 0 |
_aRaúl Castro : _bla pulga que cabalgó al tigre / _cVicente Botín. |
| 246 | 3 | _aPulga que cabalgó al tigre | |
| 250 | _a1. ed. | ||
| 260 |
_aBarcelona : _bEditorial Ariel, _cc2010. |
||
| 300 |
_a301 p. : _bill. (some col.) ; _c23 cm. |
||
| 490 | 1 | _aAriel | |
| 504 | _aIncludes bibliographical references (p. 291-294) and index. | ||
| 600 | 1 | 0 |
_aCastro Ruz, Raúl, _d1930- |
| 650 | 0 |
_aHeads of state _zCuba _vBiography. |
|
| 651 | 0 |
_aCuba _xPolitics and government _y1959-1990. |
|
| 651 | 0 |
_aCuba _xPolitics and government _y1990- |
|
| 650 | 4 |
_aJefes de estado _zCuba _vBiografía. |
|
| 651 | 4 |
_aCuba _xPolítica _y1959-1990. |
|
| 651 | 4 |
_aCuba _xPolítica _y1990-. |
|
| 653 | _aCastro, Raúl. | ||
| 653 |
_aCuba _aPolítica y gobierno _aSiglo XX. |
||
| 830 | 0 | _aAriel. | |
| 938 |
_aYBP Library Services _bYANK _n3427398 |
||
| 938 |
_aCasalini Libri _bCASA _n60702650 _c21.00 EUR |
||
| 938 |
_aPuvill Libros _bPUVL _n9788434469303 _c$30.82 |
||
| 942 |
_2lcc _cbk |
||
| 946 | _aCV | ||
| 994 |
_aC0 _bDRFGD |
||
| 999 |
_c9729 _d9729 |
||